000 00662nam a22002177a 4500
003 UA-OsUOA
001 73990
007 ta
008 20110324b un ||||| |||| 00| 0 ukr d
100 _aДиленко В.
090 _a330(477)
_bД46
942 _cSA
040 _aUA-OsUOA
_brus
_cUA-OsUOA
_dUA-OsUOA
245 _aАнализ эффективности функционироваия системы отраслей национальной экономики
300 _aС.20-24
955 _a0
041 _arus
080 _a330(477)
773 0 _w73986
_tЕкономіст
_dК.
_d2011
_g2
650 7 _a330 Економіка взагалі
_2UDC
999 _c360274
_d360274